Словарь - справочник автора

書目詳細資料
其他作者: Гильберт Л. А. (составитель), Фрид Л. И. (редактор), Мильчина А. Э.
總結:Исключено из фонда НТБ ТПУ
語言:俄语
出版: Москва, Книга, 1979
格式: MixedMaterials 圖書
KOHA link:https://koha.lib.tpu.ru/cgi-bin/koha/opac-detail.pl?biblionumber=90968

MARC

LEADER 00000nam0a2200000 4500
001 90968
005 20231031103825.0
035 |a (RuTPU)RU\TPU\book\97539 
090 |a 90968 
100 |a 20060217d1979 k y0rusy50 ca 
101 0 |a rus 
102 |a RU 
105 |a a eg 001zy 
200 1 |a Словарь - справочник автора  |f сост. Л. А. Гильбер, Л. И. Фрид; под ред. А. Э. Мильчина 
210 |a Москва  |c Книга  |d 1979 
215 |a 302 с.  |c ил. 
320 |a Указ. в конце кн.: с. 289 - 301 
333 |a Исключено из фонда НТБ ТПУ 
702 1 |a Гильберт  |b Л. А.  |4 220 
702 1 |a Фрид  |b Л. И.  |4 220 
702 1 |a Мильчина  |b А. Э.  |4 340 
801 1 |a RU  |b 63413507  |c 20060217  |g PSBO 
801 2 |a RU  |b 63413507  |c 20110325  |g RCR 
942 |c BK